<?xml version="1.0" encoding="UTF-8"?>
<record
    xmlns:xsi="http://www.w3.org/2001/XMLSchema-instance"
    xsi:schemaLocation="http://www.loc.gov/MARC21/slim http://www.loc.gov/standards/marcxml/schema/MARC21slim.xsd"
    xmlns="http://www.loc.gov/MARC21/slim">

  <leader>01006cam a2200217 i 4500</leader>
  <controlfield tag="001">162044</controlfield>
  <controlfield tag="003">ES-MaACL</controlfield>
  <controlfield tag="005">20250724074558.0</controlfield>
  <controlfield tag="008">000711m18971906fr           |||| | fre d</controlfield>
  <datafield tag="040" ind1=" " ind2=" ">
    <subfield code="a">CCPB | B </subfield>
    <subfield code="b">spa </subfield>
    <subfield code="c">CCPB | B</subfield>
  </datafield>
  <datafield tag="100" ind1="1" ind2=" ">
    <subfield code="a">Picard, Emile.</subfield>
    <subfield code="9">91773</subfield>
  </datafield>
  <datafield tag="245" ind1="1" ind2="0">
    <subfield code="a">Th&#xE9;orie des fonctions alg&#xE9;briques de deux variables ind&#xE9;pendantes /</subfield>
    <subfield code="c">par &#xC9;mile Picard et Georges Simart.</subfield>
  </datafield>
  <datafield tag="260" ind1=" " ind2=" ">
    <subfield code="a">Paris : </subfield>
    <subfield code="b">Gauthier-Villars et fils, imprimeurs-libraires, </subfield>
    <subfield code="c">1897-1906.</subfield>
  </datafield>
  <datafield tag="300" ind1=" " ind2=" ">
    <subfield code="a">2 v. ; </subfield>
    <subfield code="c">26 cm.</subfield>
  </datafield>
  <datafield tag="510" ind1="3" ind2=" ">
    <subfield code="a">British Library, 18/09/06</subfield>
  </datafield>
  <datafield tag="597" ind1=" " ind2=" ">
    <subfield code="a">Vol. I (VI, 246 p.) -- Vol. II (528 p.)</subfield>
  </datafield>
  <datafield tag="650" ind1=" " ind2="7">
    <subfield code="a">&#xC1;lgebra</subfield>
    <subfield code="2">embne</subfield>
    <subfield code="9">9720</subfield>
  </datafield>
  <datafield tag="700" ind1="1" ind2=" ">
    <subfield code="a">Simart, Georges. </subfield>
    <subfield code="t">Th&#xE9;orie des fonctions alg&#xE9;briques de deux variables ind&#xE9;pendantes.</subfield>
    <subfield code="9">132751</subfield>
  </datafield>
  <datafield tag="852" ind1=" " ind2=" ">
    <subfield code="a">ES-MaACL</subfield>
    <subfield code="j">B-4787-88 </subfield>
    <subfield code="z">- R&#xFA;st. </subfield>
    <subfield code="x">- Edic.: El T. II es de 1906 y tiene 528 p., porque seg&#xFA;n consta en el pr&#xF3;logo, la ed. de 1900 del T. II s&#xF3;lo conten&#xED;a los cap. I-VII. En esta ed. sale completo el T. II</subfield>
  </datafield>
  <datafield tag="999" ind1=" " ind2=" ">
    <subfield code="c">162044</subfield>
    <subfield code="d">162044</subfield>
  </datafield>
  <datafield tag="952" ind1=" " ind2=" ">
    <subfield code="0">0</subfield>
    <subfield code="1">0</subfield>
    <subfield code="4">0</subfield>
    <subfield code="7">0</subfield>
    <subfield code="8">LIBXIX</subfield>
    <subfield code="a">ATENEOM</subfield>
    <subfield code="b">ATENEOM</subfield>
    <subfield code="c">SPB</subfield>
    <subfield code="d">2008-01-17</subfield>
    <subfield code="l">0</subfield>
    <subfield code="o">B-4787-88</subfield>
    <subfield code="p">1169750</subfield>
    <subfield code="r">2023-02-23 00:00:00</subfield>
    <subfield code="w">2023-02-23</subfield>
    <subfield code="y">MONANT</subfield>
  </datafield>
</record>
